| 000 | 01208cam a2200265 4500 | ||
|---|---|---|---|
| 001 | WB3742-12 | ||
| 008 | 011108n2001 000 0 eng u | ||
| 035 | _a(Sirsi) u115537 | ||
| 245 | _aMediation for Rights of Way Disputes | ||
| 260 | _c2001 | ||
| 490 |
_aRICS Dispute Resolution Faculty News _v2 November 2001, (1) |
||
| 520 | _aAn interim report on the Planning Inspectorate's pilot study of mediation for public path order rights of way disputes has been published. As well as providing an update on the progress of the project, the report aims to give an indication of the reaction to the process by those who have become involved in it. "Pilot study of mediation Rights of Way Disputes Interim Report - September 2001" can be viewed online at: http://www.planning-inspectorate.gov.uk/rights_of_way/pilot_study_mediation_sept01.htm | ||
| 590 | _aWB | ||
| 650 | _aMEDIATION | ||
| 650 | _aPUBLIC PATH ORDERS | ||
| 650 | _aRIGHTS OF WAY | ||
| 650 | _aPLANNING INSPECTORATE | ||
| 650 | _aINTERIM REPORTS | ||
| 650 | _aDISPUTES | ||
| 650 | _aBUILT ENVIRONMENT | ||
| 650 |
_aRural _96268 |
||
| 650 | _aALTERNATIVE DISPUTE RESOLUTION | ||
| 690 |
_aDispute resolution _96236 |
||
| 942 | _n0 | ||
| 999 |
_c68818 _d68818 |
||